Biology (Record no. 63)

MARC details
000 -LEADER
fixed length control field 00495nam a2200181Ia 4500
003 - CONTROL NUMBER IDENTIFIER
control field OSt
005 - DATE AND TIME OF LATEST TRANSACTION
control field 20220328132935.0
008 - FIXED-LENGTH DATA ELEMENTS--GENERAL INFORMATION
fixed length control field 211109s9999||||xx |||||||||||||| ||und||
040 ## - CATALOGING SOURCE
Transcribing agency SBCL
082 ## - DEWEY DECIMAL CLASSIFICATION NUMBER
Classification number 570
Item number DAS-B
100 ## - MAIN ENTRY--PERSONAL NAME
Personal name V s Rama das
-- H y Mohan das
-- Shakuntala Bhattacharya
245 #0 - TITLE STATEMENT
Title Biology
Remainder of title A Textbook For Senior Secondary Students
260 ## - PUBLICATION, DISTRIBUTION, ETC.
Name of publisher, distributor, etc. NCERT Publications
Place of publication, distribution, etc. New Delhi
Date of publication, distribution, etc. 1989
300 ## - PHYSICAL DESCRIPTION
Extent 760p.
630 ## - SUBJECT ADDED ENTRY--UNIFORM TITLE
General subdivision General Stack
650 ## - SUBJECT ADDED ENTRY--TOPICAL TERM
Topical term or geographic name entry element Science
942 ## - ADDED ENTRY ELEMENTS (KOHA)
Koha item type BOOK
650 ## - SUBJECT ADDED ENTRY--TOPICAL TERM
Form subdivision Biology
Holdings
Withdrawn status Lost status Source of classification or shelving scheme Damaged status Not for loan Home library Current library Date acquired Cost, normal purchase price Full call number Barcode Shelving location Date last seen Price effective from Koha item type
    Dewey Decimal Classification     SB LIBRARY SB LIBRARY 09/11/2021 25.00 570 DAS-B 00000055 GENERAL STACK 09/11/2021 09/11/2021 BOOK

Powered by Koha